000 017070000a22003370004500
003 EG-GICUC
005 20250223025427.0
008 081227s2008 ua d f m 000 0 eng d
040 _aEG-GICUC
_beng
_cEG-GICUC
041 0 _aeng
049 _aDeposite
097 _aPh.D
099 _aCai01.08.07.Ph.D.2008.Re.P
100 0 _aReda Sayed Mohammed Hassan
245 1 0 _aPhytochemical and biological studies on the aerial parts of calliandra haematocephala Hassk.and dichrostachys cinerea L. /
_cReda Sayed Mohammed Hassan ; Supervised Mohamed Said Hifnawy , Aisha Hussein Saleh Abouzeid
246 1 5 _aدراسة فيتوكيميائية و بيولوجية على الاجزاء الهوائية لنباتى كالياندرا هيماتوسيفالا هاسكزو يكروستاشيز سينيريا ل
260 _aCairo :
_bReda Sayed Mohammed Hassan ,
_c2008
300 _a331 P. :
_bcharts ;
_c25cm
502 _aThesis (Ph.D.) - Cairo University - Faculty of Pharmacy - Department of Pharmacognosy
520 _aPhytochemical constituents and biological activities of the aerial parts of calliandra haematocephala Hassk.and dichrostachys cinerea L.phytochemical screening of both plants revealed the presence of flavonoid glycosides , sterols and\\ortriterpenes , carbohydrates and\\or glycosides and volatile constituents
530 _aIssued also as CD
653 4 _aCalliandra haematocephala
653 4 _aLactose
653 4 _aRibose
700 0 _aAisha Hussein Saleh Abouzeid ,
_eSupervisor
700 0 _aMohamed Said Hifnawy ,
_eSupervisor
856 _uhttp://172.23.153.220/th.pdf
905 _aMustafa
_eRevisor
905 _aNazla
_eCataloger
942 _2ddc
_cTH
999 _c12736
_d12736